000 00202 a2200097 4500
001 28726
100 _aBrowne, M W
245 _aNew face of war
260 _a
_bBobbs Merrill
_c
090 _c19179
_d19179
942 _aNUST-CAE
_cM
_c10201
999 _c263799
_d263799